| 000 | 00699nam a2200253 4500 | ||
|---|---|---|---|
| 003 | OSt | ||
| 005 | 20260601193853.0 | ||
| 008 | 260418b1969 xxua|||| |||| 00| 0 eng d | ||
| 020 | _a670794376 | ||
| 040 |
_aICI _bspa _cICI |
||
| 041 | _aspa | ||
| 050 |
_aNK2130 _bP57 |
||
| 100 | 1 |
_aBarbara Plumb _dP57 _932598 |
|
| 240 |
_aYoung designs in color _leng |
||
| 245 | 1 |
_aYoung Designs in Color _cBarbara Plumb |
|
| 260 |
_aBarcelona _bViiking Press Ny _c1972 |
||
| 264 |
_bViiking Press Ny _c1972 _aBarcelona |
||
| 300 | _a176 pƔginas | ||
| 336 |
_atexto _2rdacontent |
||
| 337 |
_asin medio _2rdamedia |
||
| 338 |
_avolumen _2rdacarrier |
||
| 650 | _2Decoración de interiores | ||
| 942 |
_2ddc _cB |
||
| 999 |
_c21926 _d21926 |
||